Normal view
MARC view
- Muntaha Irfan
Entry Personal Name
001 - CONTROL NUMBER
- control field: 88534
003 - CONTROL NUMBER IDENTIFIER
- control field: NUST
005 - DATE AND TIME OF LATEST TRANSACTION
- control field: 20220120150653.0
008 - FIXED-LENGTH DATA ELEMENTS
- fixed length control field: 220120|| aca||aabn | a|a d
040 ## - CATALOGING SOURCE
- Original cataloging agency: NUST
- Transcribing agency: NUST
100 ## - HEADING--PERSONAL NAME
- Personal name: Muntaha Irfan
670 ## - SOURCE DATA FOUND
- Source citation: Work cat.: (NUST): Muntaha Irfan, TH-SOF-1954-Efficient Classification of Motion in Video Data by Using Deep Neural Networks, 2021.
